000
00363nam a2200169Ia 4500
003
0100
008
130303s9999 xx 000 0 und d
040
_c
ARRUPELIB
050
_a
PR6025.A316A17 1964
100
_a
Macneice, Louis
245
_a
Selected poems
260
_a
London
260
_b
Faber Faber
260
_C
1964
300
_a
160p
942
0
0
_0
1
999
_c
41887
_d
41887